| 000 | 00000nam##2200000za#4500 |
| 001 | 9.615633 |
| 003 | CaOODSP |
| 005 | 20200327140726 |
| 007 | ta |
| 008 | 150406|2001||||xxc||||| f|0| 0 eng|d |
| 022 | |a0706-6473 |
| 040 | |aCaOODSP|beng |
| 043 | |an-cn--- |
| 086 | 1 |aFs97-4/2554E |
| 110 | 1 |aCanada. |bDepartment of Fisheries and Oceans. |
| 245 | 10|aMorphological and ecological characteristics of Canadian freshwater fishes / |cby G. A. Coker, C. B. Portt and C. K. Minns. |
| 260 | |aBurlington - Ontario : |bFisheries and Oceans Canada |c2001. |
| 300 | |aiv, 86p. : |breferences, tables ; |c28 cm. |
| 490 | 1 |aCanadian manuscript report of fisheries and aquatic sciences|x0706-6473|v2554 |
| 500 | |a"This document has been prepared as part of an on-going program to provide reference databases describing Canadian freshwater fish species ecology and life history characteristics as a basis for developing standard evaluation techniques that permit comparison of pre- versus post-alteration of habitat and fish productivity conditions."--Abstract. Prepared at Great Lakes Laboratory for Fisheries and Aquatic Sciences, Fisheries and Oceans Canada, Bayfield Institute, 867 Lakeshore Road, P.O. Box 5050, Burlington, Ontario L7R 4A6. |
| 520 | 3 |aThis document has been prepared as part of an on-going program to provide reference databases describing Canadian freshwater fish species ecology and life history characteristics as a basis for developing standard evaluation techniques that permit comparison of pre- versus post-alteration of habitat and fish productivity conditions.--Abstract |
| 546 | |aRésumés en français |
| 563 | |aSpiral binding |
| 590 | |a01-20|b2001-05-18 |
| 690 | 07|aFreshwater fish|2gcpds |
| 690 | 07|aEcology|2gcpds |
| 690 | 07|aHabitats|2gcpds |
| 720 | 1 |aCoker, G. A. |
| 720 | 1 |aPortt, C. |
| 720 | 1 |aMinns, C. |
| 776 | 0#|tMorphological and ecological characteristics of Canadian freshwater fishes / |w(CaOODSP)9.562494 |
| 830 | #0|aCanadian manuscript report of fisheries and aquatic sciences,|x0706-6473|v2554|w(CaOODSP)9.514688 |